[Event "DM Hurtigskak 2024"]
[Site "Helsingor"]
[Date "2024.08.31"]
[Round "3.5"]
[White "Pedersen, Daniel Vesterbaek"]
[Black "Gregor, Bjarke"]
[Result "1/2-1/2"]
[WhiteElo "2240"]
[BlackElo "2109"]
[EventDate "2024.08.31"]
[EventType "swiss"]
[EventRounds "9"]
[EventCountry "DEN"]
[SourceTitle "Live v. Kasper Jerwiarz"]

1. e4 c6 2. d4 d5 3. e5 Bf5 4. Nf3 e6 5. Be2 Nd7 6. O-O h6 7. Nbd2 Ne7 8. Nb3 g5 9. Ne1 Qc7 10. f4 c5 11. c3 c4 12. Nd2 gxf4 13. Rxf4 Ng6 14. Rf1 Ndxe5 15. dxe5 Bc5+ 16. Kh1 Nxe5 17. Bh5 O-O-O 18. Ndf3 Bg4 19. Bf4 Bd6 20. Bxg4 Nxg4 21. Bxd6 Qxd6 22. Qd4 Rhg8 23. h3 h5 24. hxg4 hxg4 25. Ne5 Rg5 26. N1f3 Rh8+ 27. Kg1 gxf3 28. Nxf3 e5 29. Qxa7 Rxg2+ 30. Kxg2 Qg6+ 31. Kf2 Qc2+ 32. Ke1 Qe4+ 33. Kf2 Qc2+ 34. Ke1 Qe4+ 35. Kf2 Qc2+ 36. Ke1 1/2-1/2

[Event "DM Hurtigskak 2024"]
[Site "Helsingor"]
[Date "2024.08.31"]
[Round "3.6"]
[White "Hector, Jonny"]
[Black "Kryger, Oksana"]
[Result "1-0"]
[WhiteElo "2498"]
[BlackElo "2056"]
[EventDate "2024.08.31"]
[EventType "swiss"]
[EventRounds "9"]
[EventCountry "DEN"]
[SourceTitle "Live v. Kasper Jerwiarz"]

1. e4 e6 2. d4 d5 3. Nc3 Nf6 4. Bg5 Be7 5. e5 Nfd7 6. h4 h6 7. Qh5 a6 8. O-O-O c5 9. Nf3 Nc6 10. dxc5 Nxc5 11. Bd3 Qa5 12. Bxe7 Nxe7 13. Qg4 Nxd3+ 14. Rxd3 Nf5 15. h5 Bd7 16. Qf4 Rc8 17. Nd2 Bb5 18. Rf3 d4 19. Nb3 Qb6 20. Nxb5 axb5 21. Rd1 Qc7 22. Rd2 Qc4 23. Rfd3 O-O 24. g4 Ne7 25. Rxd4 Qf1+ 26. Rd1 Qe2 27. R4d2 Qc4 28. Qxc4 bxc4 29. Nd4 Nd5 30. c3 Nf4 31. Kc2 Ra8 32. a3 Nd3 33. Re2 Ra6 34. Rxd3 cxd3+ 35. Kxd3 Rd8 36. Ke4 Kf8 37. f4 Ke7 38. f5 Rd5 39. Rf2 Raa5 40. f6+ Kf8 41. fxg7+ Kxg7 42. Nf3 Ra4+ 43. Ke3 Rxg4 44. b3 Rg3 45. Kf4 Rh3 46. c4 Rd3 47. Kg4 Rh1 48. Rb2 Rg1+ 49. Nxg1 1-0

[Event "DM Hurtigskak 2024"]
[Site "Helsingor"]
[Date "2024.08.31"]
[Round "3.7"]
[White "Eriksson, Christian Altenburg"]
[Black "Bromann, Thorbjorn"]
[Result "1/2-1/2"]
[WhiteElo "2080"]
[BlackElo "2413"]
[EventDate "2024.08.31"]
[EventType "swiss"]
[EventRounds "9"]
[EventCountry "DEN"]
[SourceTitle "Live v. Kasper Jerwiarz"]

1. e4 g6 2. d4 Bg7 3. c3 d6 4. Nf3 Nf6 5. Bd3 Nc6 6. O-O e5 7. Bg5 h6 8. Bh4 O-O 9. Re1 Qe7 10. d5 Nb8 11. Nbd2 g5 12. Bg3 Nh5 13. b4 a5 14. a3 Bg4 15. Qc2 c6 16. c4 Nf4 17. Bxf4 exf4 18. Rab1 axb4 19. axb4 Nd7 20. Be2 Bh5 21. dxc6 bxc6 22. Nd4 Bxd4 23. Bxh5 Ra3 24. Nf3 Bg7 25. Bg4 Nb6 26. c5 dxc5 27. bxc5 Rc3 28. Qa2 Qxc5 29. Re2 Nc4 30. h4 Bf6 31. hxg5 hxg5 32. Rbe1 Kg7 33. e5 Be7 34. Qa1 Qa3 35. Nd4 Bc5 36. Nxc6 Qxa1 37. Rxa1 Re8 38. e6 fxe6 39. Bxe6 Kh6 40. Bxc4 Rxe2 41. Bxe2 Rc2 42. Re1 g4 43. Ne5 g3 44. Nd3 gxf2+ 45. Nxf2 Bb4 46. Rb1 Bc5 47. Kf1 Kg7 48. Nd3 Be3 49. Rb7+ Kf8 50. Rb2 Rc3 51. Rb1 Rc2 52. Nb4 Rd2 53. Rd1 Rb2 54. Nd5 Bd2 55. Kf2 Kf7 56. Kf3 Rb3+ 57. Ke4 Be3 58. Nxf4 Ra3 59. Nd3 Bg5 60. Ne5+ Ke7 61. Nd3 Ra5 62. Bf3 Bh6 63. Kd4 Bg7+ 64. Kc4 Ra4+ 65. Kb3 Ra7 66. Nc5 Rc7 67. Kc4 Kf7 68. Kd5 Bf8 69. Bh5+ Kg8 70. Rc1 Rg7 71. Bf3 Rg5+ 72. Kd4 Bg7+ 73. Ke4 Re5+ 74. Kf4 Bh6+ 75. Kxe5 Bxc1 76. Kf5 Kg7 77. g4 Kf7 78. Bd5+ Ke7 79. Nd3 Bd2 80. Nf4 Kf8 81. g5 Bc3 82. Ng6+ Kg7 83. Nf4 Bb2 84. Ne6+ Kh7 85. g6+ Kh6 86. Be4 Bc3 87. Nf4 Kg7 88. Ke6 Bb2 89. Nh5+ Kh6 90. Ng3 Kg7 91. Nf5+ Kxg6 1/2-1/2

[Event "DM Hurtigskak 2024"]
[Site "Helsingor"]
[Date "2024.08.31"]
[Round "3.8"]
[White "Nielsen, Frode Benedikt"]
[Black "Jacobsen, Mikkel Manosri"]
[Result "0-1"]
[WhiteElo "2066"]
[BlackElo "2262"]
[EventDate "2024.08.31"]
[EventType "swiss"]
[EventRounds "9"]
[EventCountry "DEN"]
[SourceTitle "Live v. Kasper Jerwiarz"]

1. e4 c6 2. Nc3 d5 3. d3 g6 4. g3 Bg7 5. Bg2 Nf6 6. Bd2 dxe4 7. dxe4 Nbd7 8. Qe2 Qc7 9. O-O-O a5 10. Nf3 e5 11. h4 a4 12. Bh3 b5 13. Be3 b4 14. Nb1 O-O 15. Bxd7 Bxd7 16. Qc4 Be6 17. Qxb4 Rfb8 18. Qa3 Nxe4 19. Bc5 Bg4 20. Nfd2 Nxc5 21. Qxc5 Qb7 22. b3 axb3 23. axb3 Bxd1 24. Rxd1 Rd8 25. Ne4 Rxd1+ 26. Kxd1 Rd8+ 27. Kc1 f5 28. Ng5 h6 29. Qc4+ Rd5 30. Ne6 Qd7 31. Nxg7 Kxg7 32. Nc3 Rd4 33. Qc5 e4 34. Qe5+ Kh7 35. h5 gxh5 36. Ne2 Rd1+ 37. Kb2 Qg7 0-1

[Event "DM Hurtigskak 2024"]
[Site "Helsingor"]
[Date "2024.08.31"]
[Round "3.9"]
[White "Le Besq, Alexander"]
[Black "Larsen, Karsten"]
[Result "0-1"]
[WhiteElo "2057"]
[BlackElo "2235"]
[EventDate "2024.08.31"]
[EventType "swiss"]
[EventRounds "9"]
[EventCountry "DEN"]
[SourceTitle "Live v. Kasper Jerwiarz"]

1. e4 e5 2. Nf3 Nc6 3. Bb5 a6 4. Ba4 Nf6 5. O-O b5 6. Bb3 Bc5 7. c3 d6 8. d4 Bb6 9. h3 O-O 10. Be3 Bb7 11. Nbd2 h6 12. Re1 Re8 13. d5 Ne7 14. Bxb6 cxb6 15. Nf1 Ng6 16. g3 Bc8 17. Kh2 Bd7 18. Ne3 Nxe4 19. Qe2 Ng5 20. Nxg5 Qxg5 21. Qf3 f5 22. Ng2 Rf8 23. h4 Qf6 24. Qe3 Rab8 25. f4 Rfe8 26. Qf3 Re7 27. h5 Nf8 28. Re2 e4 29. Qf2 Be8 30. g4 fxg4 31. Rae1 Bxh5 32. Rxe4 Rxe4 33. Rxe4 Bg6 34. Re3 h5 35. Kg3 Bf7 36. f5 Nd7 37. Nf4 Ne5 38. Ne6 h4+ 39. Kg2 g6 40. Bc2 g5 41. Bd1 Kh7 42. Re4 Bh5 43. Qe3 Rg8 44. Qxb6 h3+ 45. Kh1 Qxf5 46. Bc2 Qf1+ 47. Qg1 Qxg1+ 48. Kxg1 Kh6 49. Re3 Bg6 50. Bd1 Bf5 51. Kh2 Re8 52. Kg3 Kg6 53. a4 Kf6 54. axb5 axb5 55. Be2 b4 56. cxb4 Rh8 57. Kh2 Ng6 58. Rg3 Ne5 59. b5 Rc8 60. b6 Rc2 61. Re3 Rxb2 62. Nd4 Nf3+ 63. Nxf3 gxf3 64. Kg3 fxe2 65. b7 Rxb7 66. Rxe2 Rb3+ 67. Kh2 Rd3 68. Ra2 Rxd5 69. Ra6 Rd2+ 70. Kg3 h2 71. Ra1 Be4 72. Rf1+ Kg6 0-1

[Event "DM Hurtigskak 2024"]
[Site "Helsingor"]
[Date "2024.08.31"]
[Round "3.10"]
[White "Jorgensen, Dennis"]
[Black "Sorensen, Reto Utiger"]
[Result "1-0"]
[WhiteElo "2197"]
[BlackElo "2049"]
[EventDate "2024.08.31"]
[EventType "swiss"]
[EventRounds "9"]
[EventCountry "DEN"]
[SourceTitle "Live v. Kasper Jerwiarz"]

1. d4 Nf6 2. Nf3 d6 3. g3 Nbd7 4. Bg2 c5 5. O-O e6 6. c4 Be7 7. Nc3 O-O 8. b3 Rb8 9. Bb2 a6 10. dxc5 Nxc5 11. Nd4 Bd7 12. b4 e5 13. Nf3 Ne6 14. e3 Bc6 15. Qb3 Qc8 16. Rac1 Bxf3 17. Bxf3 Ng5 18. Bg2 Nh3+ 19. Kh1 Qf5 20. Nd5 Nxd5 21. Bxd5 e4 22. f3 exf3 23. Rxf3 Qg6 24. Rcf1 Ng5 25. Rf5 h5 26. Qc2 Ne6 27. Qe2 h4 28. gxh4 Bxh4 29. Qf3 Rbe8 30. Rg1 Ng5 31. Qg4 Rxe3 32. Bc1 1-0

[Event "DM Hurtigskak 2024"]
[Site "Helsingor"]
[Date "2024.08.31"]
[Round "4.1"]
[White "Hansen, Sune Berg"]
[Black "Bjerre, Jonas Buhl"]
[Result "0-1"]
[WhiteElo "2576"]
[BlackElo "2475"]
[EventDate "2024.08.31"]
[EventType "swiss"]
[EventRounds "9"]
[EventCountry "DEN"]
[SourceTitle "Live v. Kasper Jerwiarz"]

1. Nf3 Nf6 2. g3 d5 3. Bg2 e6 4. O-O Be7 5. d3 O-O 6. Nbd2 c5 7. e4 b5 8. exd5 exd5 9. Ne5 Bd6 10. d4 cxd4 11. Ndf3 Qb6 12. Bf4 Re8 13. Nd3 Bxf4 14. Nxf4 Nc6 15. Qd3 g6 16. Rae1 Bf5 17. Rxe8+ Rxe8 18. Qd1 Qc5 19. Nd3 Qd6 20. a3 a5 21. Qd2 b4 22. axb4 axb4 23. Ra1 Ne4 24. Qf4 Qxf4 25. Nxf4 Nc5 26. Nxd5 Re2 27. Ne1 b3 28. Nf4 Rxe1+ 29. Rxe1 bxc2 30. Bxc6 d3 0-1

[Event "DM Hurtigskak 2024"]
[Site "Helsingor"]
[Date "2024.08.31"]
[Round "4.2"]
[White "Thybo, Jesper Sondergaard"]
[Black "Falkesgaard, Jeppe Hald"]
[Result "1-0"]
[WhiteElo "2484"]
[BlackElo "2189"]
[EventDate "2024.08.31"]
[EventType "swiss"]
[EventRounds "9"]
[EventCountry "DEN"]
[SourceTitle "Live v. Kasper Jerwiarz"]

1. Nf3 Nf6 2. c4 c6 3. Nc3 d5 4. e3 e6 5. b3 Nbd7 6. Bb2 Bd6 7. d4 O-O 8. Bd3 dxc4 9. bxc4 e5 10. O-O Re8 11. Qc2 exd4 12. exd4 Nf8 13. Rfe1 Bg4 14. Ne5 Bh5 15. Ne2 Bg6 16. Nxg6 Nxg6 17. Ng3 Nf4 18. Bf1 Qd7 19. Nf5 Bb4 20. Re3 Bf8 21. Rae1 g6 22. d5 Ng4 23. Qc3 f6 24. Rxe8 Rxe8 25. Rxe8 Qxe8 26. h3 Ne5 27. Ne3 Qd7 28. Ng4 Nxg4 29. hxg4 Be7 30. Qf3 g5 31. g3 Ng6 32. Bxf6 Bxf6 33. Qxf6 cxd5 34. Qxg5 d4 35. Bd3 Qe6 36. Qd8+ Nf8 37. Qxd4 Qa6 38. c5 1-0

[Event "DM Hurtigskak 2024"]
[Site "Helsingor"]
[Date "2024.08.31"]
[Round "4.3"]
[White "Hector, Jonny"]
[Black "Pedersen, Daniel Vesterbaek"]
[Result "0-1"]
[WhiteElo "2498"]
[BlackElo "2240"]
[EventDate "2024.08.31"]
[EventType "swiss"]
[EventRounds "9"]
[EventCountry "DEN"]
[SourceTitle "Live v. Kasper Jerwiarz"]

1. e4 c5 2. Nf3 d6 3. d4 cxd4 4. Nxd4 Nf6 5. Nc3 a6 6. Bg5 e6 7. f4 h6 8. Bh4 Qb6 9. a3 Nbd7 10. Bf2 Qc7 11. Qf3 b5 12. O-O-O Bb7 13. g4 Nc5 14. Bd3 d5 15. e5 Nfe4 16. Bxe4 Nxe4 17. Nxe4 dxe4 18. Qe3 Be7 19. Rd2 Bd5 20. Ne2 b4 21. axb4 Bxb4 22. c3 Rc8 23. Rhd1 Bb3 24. Qxe4 Bxd1 25. Kxd1 Bc5 26. Bxc5 Qxc5 27. Qa4+ Qc6 28. Qa3 Rd8 29. Nd4 Qh1+ 30. Kc2 Qe4+ 31. Kc1 Rd7 32. f5 Qxe5 33. fxe6 fxe6 34. Re2 Qg5+ 35. Kb1 Kf7 36. Qxa6 Re8 37. Nxe6 Qg6+ 38. Ka2 Rxe6 39. Qc4 Rde7 40. Rf2+ Kg8 41. b4 Kh7 42. Kb3 Re1 43. Rf8 Rb1+ 44. Ka4 Ra7+ 45. Kb5 Qa6+ 46. Kc5 Rc7+ 0-1

[Event "DM Hurtigskak 2024"]
[Site "Helsingor"]
[Date "2024.08.31"]
[Round "4.4"]
[White "Gregor, Bjarke"]
[Black "Hove, Esben Kjems"]
[Result "0-1"]
[WhiteElo "2109"]
[BlackElo "2305"]
[EventDate "2024.08.31"]
[EventType "swiss"]
[EventRounds "9"]
[EventCountry "DEN"]
[SourceTitle "Live v. Kasper Jerwiarz"]

1. e4 c6 2. d4 d5 3. e5 Bf5 4. h4 h6 5. g4 Bd7 6. Bd3 c5 7. dxc5 Nc6 8. f4 e6 9. Nf3 Bxc5 10. c3 Nge7 11. b4 Bb6 12. a4 a6 13. Na3 Qc7 14. Qb3 f6 15. c4 Nxb4 16. Bd2 Nxd3+ 17. Qxd3 Qc5 18. Rf1 f5 19. Nc2 dxc4 20. Qa3 Nd5 21. gxf5 c3 22. Bc1 exf5 23. a5 Ba7 24. Nfd4 O-O 25. Qxc5 Bxc5 26. Nb3 Be7 27. h5 Bh4+ 28. Kd1 Bb5 29. Rg1 Rad8 30. Ncd4 Nb4 31. Be3 Rd5 32. Kc1 Rc8 33. Nxb5 Rxb5 34. Bd4 Nd3+ 35. Kc2 Nxf4 36. Raf1 Ne6 37. Rxf5 Rxb3 38. Rg4 Bg5 39. Rfxg5 hxg5 40. Kxb3 c2 41. Bb2 c1=Q 42. Bxc1 Rxc1 43. Kb4 Rc7 44. Re4 Kh7 45. Re1 Kh6 46. Rh1 Rc5 47. Rd1 Rxe5 48. Rd6 Kxh5 49. Kc4 g4 0-1

[Event "DM Hurtigskak 2024"]
[Site "Helsingor"]
[Date "2024.08.31"]
[Round "4.5"]
[White "Jacobsen, Mikkel Manosri"]
[Black "Pedersen, Gunnar"]
[Result "1/2-1/2"]
[WhiteElo "2262"]
[BlackElo "2187"]
[EventDate "2024.08.31"]
[EventType "swiss"]
[EventRounds "9"]
[EventCountry "DEN"]
[SourceTitle "Live v. Kasper Jerwiarz"]

1. c4 e6 2. g3 d5 3. Bg2 Nf6 4. Nf3 dxc4 5. Qa4+ Nbd7 6. Qxc4 a6 7. Qc2 c5 8. O-O Ra7 9. a4 b6 10. e4 Bb7 11. d3 Be7 12. h3 O-O 13. Be3 Qa8 14. Nbd2 Rc8 15. Rfc1 Nb8 16. Nc4 Nfd7 17. a5 bxa5 18. Nxa5 Nc6 19. Nxb7 Qxb7 20. d4 Nb4 21. Qe2 a5 22. Rc3 Raa8 23. Rca3 Bd8 24. d5 exd5 25. exd5 Bb6 26. Ng5 Nf6 27. d6 Qd7 28. Bxa8 Rxa8 29. Qc4 h6 30. Ne4 Nxe4 31. Qxe4 Re8 32. Qg4 Qxd6 33. Rd1 Qf6 34. Rc3 Qc6 35. Rc4 Nd5 36. Qf3 Re5 37. Rdc1 Qe6 38. Bxc5 Bxc5 39. Rxc5 g6 40. Rc6 Qe7 41. Kg2 Kh7 42. R1c5 Rf5 43. Qd3 Qe1 44. Qxf5 gxf5 45. Rc2 Qe4+ 46. Kg1 Ne3 47. fxe3 Qxe3+ 48. Kg2 Qe4+ 49. Kf2 f4 50. gxf4 Qxf4+ 51. Kg2 Qe4+ 52. Kh2 Qf4+ 53. Kg2 Qe4+ 1/2-1/2

[Event "DM Hurtigskak 2024"]
[Site "Helsingor"]
[Date "2024.08.31"]
[Round "4.6"]
[White "Larsen, Karsten"]
[Black "Molvig, Henrik"]
[Result "1-0"]
[WhiteElo "2235"]
[BlackElo "2125"]
[EventDate "2024.08.31"]
[EventType "swiss"]
[EventRounds "9"]
[EventCountry "DEN"]
[SourceTitle "Live v. Kasper Jerwiarz"]

1. e4 c5 2. Nf3 d6 3. Bb5+ Nc6 4. O-O Bd7 5. Re1 a6 6. Bf1 Bg4 7. h3 Bxf3 8. Qxf3 g6 9. c3 Bg7 10. d3 e5 11. a4 Nge7 12. Nd2 O-O 13. Nc4 f5 14. Qd1 Kh8 15. Bg5 Qc7 16. Qb3 h6 17. Bxe7 Nxe7 18. Qb6 Qxb6 19. Nxb6 Rad8 20. Nc4 Rfe8 21. Ra3 d5 22. exd5 Nxd5 23. Rb3 Re7 24. g3 h5 25. h4 e4 26. dxe4 fxe4 27. Bg2 Nf6 28. Rb6 Kh7 29. Rd6 Rde8 30. Ne3 Re5 31. Red1 b5 32. Rxa6 bxa4 33. Rxa4 Ng4 34. Re1 Nxe3 35. Rxe3 Rb8 36. Ra2 Rbe8 37. Ra6 Bh6 38. Ra7+ Kh8 39. Re2 e3 40. f4 R5e6 41. Bd5 Rf6 42. Kg2 Bf8 43. Kf3 c4 44. Bxc4 Bc5 45. Rc7 Bb6 46. Rb7 Rc6 47. Bd5 Rd6 48. Bc4 Rc8 49. Bb3 Rf6 50. Bd5 Rd8 51. c4 Bd4 52. b4 Ra6 53. b5 Ra1 54. Re7 Rf1+ 55. Ke4 Rf2 56. Kd3 Bc5 57. Rc7 Bd4 58. Re7 Bc5 59. Re6 Kg7 60. b6 Rb8 61. b7 Rf1 62. Rc6 Ba7 63. Rc8 Rd1+ 64. Ke4 Rd4+ 65. Kf3 Rd2 66. Rxd2 exd2 67. Ke2 Kf6 68. Kxd2 Kf5 69. Bf3 Ke6 70. Kd3 Kd7 71. Rxb8 Bxb8 72. Be4 1-0

[Event "DM Hurtigskak 2024"]
[Site "Helsingor"]
[Date "2024.08.31"]
[Round "4.7"]
[White "Rosenlund, Thorbjorn"]
[Black "Ostergaard, Jens"]
[Result "1-0"]
[WhiteElo "2121"]
[BlackElo "2222"]
[EventDate "2024.08.31"]
[EventType "swiss"]
[EventRounds "9"]
[EventCountry "DEN"]
[SourceTitle "Live v. Kasper Jerwiarz"]

1. c4 Nf6 2. Nf3 g6 3. b3 Bg7 4. Bb2 O-O 5. g3 d6 6. d4 e5 7. dxe5 Ng4 8. Bg2 Nc6 9. O-O a5 10. Nc3 Ngxe5 11. Qd2 Be6 12. Rad1 Qc8 13. Ng5 Nb4 14. f4 Ng4 15. h3 Nf6 16. Nxe6 fxe6 17. e4 Nc6 18. Qe3 Nd7 19. Rd2 Nc5 20. e5 Qb8 21. exd6 cxd6 22. Ne4 Nxe4 23. Qxe4 e5 24. Qd5+ Kh8 25. fxe5 dxe5 26. Rxf8+ Qxf8 27. Rf2 Qe8 28. Qf7 Qc8 1-0

[Event "DM Hurtigskak 2024"]
[Site "Helsingor"]
[Date "2024.08.31"]
[Round "4.8"]
[White "Meskenas, Paulius"]
[Black "Bjerre, Tavs"]
[Result "1-0"]
[WhiteElo "2204"]
[BlackElo "2017"]
[EventDate "2024.08.31"]
[EventType "swiss"]
[EventRounds "9"]
[EventCountry "DEN"]
[SourceTitle "Live v. Kasper Jerwiarz"]

1. e4 c5 2. Nf3 e6 3. h3 Nc6 4. Nc3 a6 5. a4 Qc7 6. Bc4 d6 7. O-O Nf6 8. d4 cxd4 9. Nxd4 Be7 10. Nb3 O-O 11. Be3 b6 12. f4 Rd8 13. Bd3 Bb7 14. Qf3 Nb4 15. Qf2 Nxd3 16. cxd3 Nd7 17. f5 Bf6 18. fxe6 fxe6 19. Rac1 Nc5 20. Nxc5 dxc5 21. Rfd1 Qd6 22. a5 Bd4 23. axb6 Rf8 24. Qd2 Qg3 25. Bxd4 cxd4 26. Na4 Rf7 27. Rf1 Raf8 28. Rxf7 Rxf7 29. Nc5 Bc8 30. Nb3 Qb8 31. Qb4 e5 32. Na5 Rf6 33. Nc6 Qb7 34. Ne7+ 1-0

[Event "DM Hurtigskak 2024"]
[Site "Helsingor"]
[Date "2024.08.31"]
[Round "4.9"]
[White "Christensen, Janus"]
[Black "Jorgensen, Dennis"]
[Result "1-0"]
[WhiteElo "2099"]
[BlackElo "2197"]
[EventDate "2024.08.31"]
[EventType "swiss"]
[EventRounds "9"]
[EventCountry "DEN"]
[SourceTitle "Live v. Kasper Jerwiarz"]

1. e4 c6 2. d4 d5 3. e5 Bf5 4. c4 e6 5. Nc3 Ne7 6. Be3 Nd7 7. Nf3 dxc4 8. Bxc4 Nb6 9. Bb3 Ned5 10. O-O Be7 11. a4 a5 12. h3 O-O 13. Rc1 Nb4 14. Ne2 N6d5 15. Nf4 Nxf4 16. Bxf4 Nd3 17. Be3 Nxc1 18. Qxc1 Qb6 19. Nd2 Qc7 20. f4 Rad8 21. g4 Bd3 22. Rf3 Be2 23. Rf2 Ba6 24. f5 Bh4 25. Rg2 h6 26. Ne4 Bd3 27. Nc5 Ba6 28. fxe6 Rde8 29. exf7+ Rxf7 30. Ne4 Kh8 31. Bxf7 Qxf7 32. Nd6 Qe7 33. Nxe8 Qxe8 34. Bxh6 Qd7 35. Be3 Bd3 36. Rd2 Bg6 37. Qf1 Qd5 38. Qf8+ Kh7 39. Bf2 Bg5 40. Re2 Qb3 41. Kg2 Qd1 42. Qf3 Bc1 43. Re1 Qc2 44. Qc3 Be4+ 45. Kg1 1-0

[Event "DM Hurtigskak 2024"]
[Site "Helsingor"]
[Date "2024.08.31"]
[Round "4.10"]
[White "Bromann, Thorbjorn"]
[Black "Wahlgreen, Noah Krug"]
[Result "1-0"]
[WhiteElo "2413"]
[BlackElo "2025"]
[EventDate "2024.08.31"]
[EventType "swiss"]
[EventRounds "9"]
[EventCountry "DEN"]
[SourceTitle "Live v. Kasper Jerwiarz"]

1. d4 d5 2. Bg5 c5 3. dxc5 Qa5+ 4. Nc3 e6 5. e4 Be7 6. Bxe7 Nxe7 7. Qd4 Nbc6 8. Bb5 O-O 9. Qa4 Qc7 10. Nge2 Qe5 11. Rd1 dxe4 12. Nxe4 f5 13. Nd6 Qxc5 14. O-O e5 15. Qb3+ Kh8 16. Bxc6 bxc6 17. Nf7+ Kg8 18. Nxe5+ Nd5 19. Nf4 Ba6 20. Nxd5 cxd5 21. Rxd5 Qe7 22. Rd7+ 1-0

[Event "DM Hurtigskak 2024"]
[Site "Helsingor"]
[Date "2024.08.31"]
[Round "5.1"]
[White "Bjerre, Jonas Buhl"]
[Black "Thybo, Jesper Sondergaard"]
[Result "1-0"]
[WhiteElo "2475"]
[BlackElo "2484"]
[EventDate "2024.08.31"]
[EventType "swiss"]
[EventRounds "9"]
[EventCountry "DEN"]
[SourceTitle "Live v. Kasper Jerwiarz"]

1. e4 e5 2. Nf3 Nc6 3. Bb5 Nf6 4. d3 Bc5 5. Bxc6 dxc6 6. h3 O-O 7. Nc3 Re8 8. Be3 Bxe3 9. fxe3 a5 10. O-O Qe7 11. Qe1 b5 12. Ne2 c5 13. Ng3 c4 14. Nh4 g6 15. Qf2 Ra6 16. a4 bxa4 17. Rxa4 cxd3 18. cxd3 Rf8 19. Nf3 Bd7 20. Ra3 Bb5 21. Rc1 Rd8 22. Qd2 a4 23. Rac3 c6 24. Qc2 Qd6 25. Ne1 a3 26. bxa3 Rxa3 27. Rxa3 Qxa3 28. Qc3 Qxc3 29. Rxc3 Ra8 30. Nc2 h5 31. Nf1 Ra2 32. Na3 h4 33. Nxb5 cxb5 34. Rb3 Ra5 35. Nd2 Ra1+ 36. Kf2 Ra2 37. Ke1 Ra5 38. Rb4 Nh5 39. Nf3 Ra1+ 40. Kd2 Ra2+ 41. Kd1 Rxg2 42. Rxb5 Ng3 43. Nxh4 Rh2 44. Nf3 Rxh3 45. Nxe5 Nf1 46. Rb8+ Kg7 47. Rb7 Nxe3+ 48. Ke2 Nc2 49. Rxf7+ Kg8 50. Rd7 g5 51. Ng4 Rg3 52. Nh6+ Kh8 53. Nf5 Rg2+ 54. Kf1 Rd2 55. e5 g4 56. e6 g3 57. e7 1-0

[Event "DM Hurtigskak 2024"]
[Site "Helsingor"]
[Date "2024.08.31"]
[Round "5.2"]
[White "Pedersen, Daniel Vesterbaek"]
[Black "Hansen, Sune Berg"]
[Result "0-1"]
[WhiteElo "2240"]
[BlackElo "2576"]
[EventDate "2024.08.31"]
[EventType "swiss"]
[EventRounds "9"]
[EventCountry "DEN"]
[SourceTitle "Live v. Kasper Jerwiarz"]

1. e4 c6 2. d4 d5 3. e5 Bf5 4. Nf3 e6 5. Be2 Nd7 6. O-O Ne7 7. Nbd2 h6 8. Nb3 Bh7 9. a4 Nf5 10. a5 Rc8 11. c3 Be7 12. g4 Nh4 13. Nxh4 Bxh4 14. f4 O-O 15. Be3 f6 16. f5 Qe7 17. exf6 Rxf6 18. Qd2 exf5 19. Bf4 Re8 20. Bd3 fxg4 21. Bxh7+ Kxh7 22. Qd3+ Qe4 23. Qd2 Ref8 24. Bc7 Bf2+ 0-1

[Event "DM Hurtigskak 2024"]
[Site "Helsingor"]
[Date "2024.08.31"]
[Round "5.3"]
[White "Hove, Esben Kjems"]
[Black "Christensen, Janus"]
[Result "1-0"]
[WhiteElo "2305"]
[BlackElo "2099"]
[EventDate "2024.08.31"]
[EventType "swiss"]
[EventRounds "9"]
[EventCountry "DEN"]
[SourceTitle "Live v. Kasper Jerwiarz"]

1. d4 Nf6 2. Nf3 e6 3. Bf4 c5 4. e3 Nc6 5. Nbd2 d5 6. c3 Bd6 7. Bg3 O-O 8. Bd3 Re8 9. Ne5 cxd4 10. exd4 g6 11. Qe2 Nh5 12. O-O-O Qc7 13. f4 Nxd4 14. Qf2 Bc5 15. Qf1 Nc6 16. Kb1 Bd6 17. Ndf3 f6 18. Nxg6 hxg6 19. Bxg6 Nxg3 20. hxg3 Rf8 21. Rh7 Qxh7 22. Bxh7+ Kxh7 23. c4 Ne7 24. cxd5 Nxd5 25. Qd3+ Kg7 26. Nh4 f5 27. Qd4+ Kf7 28. Nxf5 Rd8 29. Qg7+ Ke8 30. Nxd6+ Rxd6 31. Rh1 Ne7 32. Rh7 1-0

[Event "DM Hurtigskak 2024"]
[Site "Helsingor"]
[Date "2024.08.31"]
[Round "5.4"]
[White "Falkesgaard, Jeppe Hald"]
[Black "Larsen, Karsten"]
[Result "1/2-1/2"]
[WhiteElo "2189"]
[BlackElo "2235"]
[EventDate "2024.08.31"]
[EventType "swiss"]
[EventRounds "9"]
[EventCountry "DEN"]
[SourceTitle "Live v. Kasper Jerwiarz"]

1. d4 d5 2. c4 e6 3. Nc3 Bb4 4. Nf3 Nf6 5. Bg5 c5 6. cxd5 exd5 7. e3 O-O 8. dxc5 Nbd7 9. Be2 Qa5 10. O-O Bxc3 11. bxc3 Qxc5 12. Qd4 b6 13. Nd2 Bb7 14. Nb3 Qa3 15. Qb4 Qxb4 16. cxb4 Rac8 17. Rfd1 Ne4 18. Bf4 Nc3 19. Rd2 Nxe2+ 20. Rxe2 Rc4 21. Nd4 Rfc8 22. Bd6 Rc1+ 23. Re1 Rxe1+ 24. Rxe1 a6 25. h3 f6 26. Rd1 Kf7 27. Bg3 g6 28. Bd6 Ne5 29. a4 Nc4 30. Bg3 Nb2 31. Ra1 Rc4 32. Bd6 Nd3 33. Rb1 Nc1 34. a5 b5 35. g4 Bc8 36. Kg2 Nd3 37. Rb3 Ne1+ 38. Kf1 Nc2 39. Nxc2 Rxc2 40. Rd3 Ke6 41. Bc5 Bb7 42. Rd4 Bc6 43. Kg2 Bb7 44. Kg3 Bc8 45. h4 Ke5 46. Rf4 f5 47. g5 Rc4 48. Rd4 Rxd4 49. exd4+ Ke4 50. f4 1/2-1/2

[Event "DM Hurtigskak 2024"]
[Site "Helsingor"]
[Date "2024.08.31"]
[Round "5.5"]
[White "Rosenlund, Thorbjorn"]
[Black "Meskenas, Paulius"]
[Result "0-1"]
[WhiteElo "2121"]
[BlackElo "2204"]
[EventDate "2024.08.31"]
[EventType "swiss"]
[EventRounds "9"]
[EventCountry "DEN"]
[SourceTitle "Live v. Kasper Jerwiarz"]

1. Nf3 d5 2. c4 d4 3. e3 c5 4. b4 dxe3 5. fxe3 cxb4 6. d4 e6 7. Bd3 Nf6 8. O-O Nc6 9. Bb2 Bd6 10. e4 e5 11. c5 Be7 12. Bb5 exd4 13. Bxd4 O-O 14. Bxc6 bxc6 15. Nbd2 Nd7 16. Qc2 Bf6 17. Nb3 Qe7 18. Rae1 Ne5 19. Nxe5 Bxe5 20. Qc4 a5 21. Rf3 Bxh2+ 22. Kxh2 Qh4+ 0-1

[Event "DM Hurtigskak 2024"]
[Site "Helsingor"]
[Date "2024.08.31"]
[Round "5.6"]
[White "Hoyer, Jacob K"]
[Black "Bromann, Thorbjorn"]
[Result "0-1"]
[WhiteElo "2176"]
[BlackElo "2413"]
[EventDate "2024.08.31"]
[EventType "swiss"]
[EventRounds "9"]
[EventCountry "DEN"]
[SourceTitle "Live v. Kasper Jerwiarz"]

1. d4 g6 2. c4 Bg7 3. Nc3 d6 4. e4 e5 5. Nf3 Nc6 6. Be3 Bg4 7. d5 Nd4 8. Be2 Bxf3 9. Bxf3 c5 10. dxc6 bxc6 11. O-O Ne7 12. Bg4 O-O 13. f4 f5 14. exf5 gxf5 15. Bh3 Rb8 16. Qd2 Qb6 17. b3 Qb4 18. Rae1 Rf7 19. Qd3 e4 20. Qd2 Nxb3 21. axb3 Bxc3 22. Qf2 Bxe1 23. Rxe1 Qxb3 24. Bxa7 Ra8 25. Rc1 Ng6 26. Bd4 Ra2 27. Qf1 Rc2 28. Rb1 Qxc4 29. Rb8+ Rf8 0-1

[Event "DM Hurtigskak 2024"]
[Site "Helsingor"]
[Date "2024.08.31"]
[Round "5.7"]
[White "Bjorneboe, Kristian"]
[Black "Jacobsen, Mikkel Manosri"]
[Result "0-1"]
[WhiteElo "1967"]
[BlackElo "2262"]
[EventDate "2024.08.31"]
[EventType "swiss"]
[EventRounds "9"]
[EventCountry "DEN"]
[SourceTitle "Live v. Kasper Jerwiarz"]

1. Nf3 d5 2. e3 Nf6 3. d4 Bf5 4. c4 c6 5. Nc3 e6 6. Qb3 Qb6 7. c5 Qc7 8. Qa4 Be7 9. b4 O-O 10. Be2 Nbd7 11. Bb2 e5 12. dxe5 Nxe5 13. Nxe5 Qxe5 14. O-O Bg4 15. Qb3 Qg5 16. Bxg4 Nxg4 17. Ne2 Rae8 18. h3 Nf6 19. Ng3 h5 20. Qc2 h4 21. Nf5 Ne4 22. Nxe7+ Rxe7 23. Bd4 f5 24. Qb2 Re6 25. f4 Qe7 26. Be5 Re8 27. a4 a5 28. Bd4 Ng3 29. Rfe1 g5 30. fxg5 f4 0-1